=LDR 00000nam 2200000 4500 =001 INLIS000000000018958 =005 20130612114056 =008 ***********************************Ind** =035 ##$$0010-061300000018958 =041 ##$$a Ind =082 ##$$a R.423 =090 ##$$a R.423, =100 ##$$abSya k =245 ##$$a Syah, Djalinus =260 ##$$a Kamus percakapan inggris-Indonesia, oleh Drs. Djalinus Syah, Drs. Syamsahrul =300 ##$$a 1994 $b Jakarta =650 ##$$a vi, 175 hlm, 20 cm =850 ##$$a Kamus Inggris-Indonesia